000 00926nmm a2200265 a 4500
001 ocm0001411798
003 TR-IsHL
005 20201028165028.0
008 160220s2015 tu tur
007 cr cn
020 _a9786054977284
035 _a1411798
_b(N$T)
050 0 4 _aPT8895
_b.S53 2015
090 0 4 _aPT8895
_b.S53 2015
100 1 _aShaw, Bernard
245 1 0 _aİbsenciliğin özü: İbsen'in ölümünden sonra tamamlanan
_h[electronic resource] /
_cBernard Shaw ; çeviren Ömer Şekerci
260 _aİstanbul :
_bİlgi Kültür Sanat Yayıncılık,
_c2015
300 _a209 p.
650 4 _aDil ve Edebiyat
650 4 _aLanguage and Literature
650 0 _aIbsen, Henrik, 1828-1906
650 7 _aLITERARY COLLECTIONS / European / Scandinavian
_2bisacsh
700 1 _aŞekerci, Ömer
856 4 0 _uhttp://search.ebscohost.com/login.aspx?direct=true&scope=site&db=e011xww&AN=1411798
999 _c15768
_d15768